| 000 | 00454nam a22001697a 4500 | ||
|---|---|---|---|
| 999 |
_c478407 _d478407 |
||
| 003 | NUST | ||
| 005 | 20180528091532.0 | ||
| 008 | 180528b ||||| |||| 00| 0 eng d | ||
| 020 | _a013150008 | ||
| 038 | _aSNS Library | ||
| 082 | _a003.85 | ||
| 100 |
_aEdward R. Scheinerman _910555 |
||
| 245 |
_aInvitation to Dynamical Systems _cEdward R. Scheinerman |
||
| 260 |
_aUK _bMATLAB Documentation _c2000 |
||
| 300 |
_a273 p. _bHb. |
||
| 942 |
_2ddc _cBK |
||